000 00866nam a22001697a 4500
005 20241011132548.0
008 241011b ||||| |||| 00| 0 eng d
040 _cSSBUL
082 _223
_a၂၉၄.၃၄၃၅၀၉ မေ
_b၁၃၁၉၁ S-SAT
100 0 _aမေဓာ၊ ဦး၊ ဆရာကြီး။
_955040
245 1 _aပြည်ရွှေဆံတော်သမိုင်း = History of the Shwe-San -Daw Pagoda at Prome /
_cဆရာကြီးဦးမေဓာ။
260 _aရန်ကုန် ၊
_bဟံသာဝတိပုံနှိပ်ှိပ်က်၊
_c၁၉၆၆။
300 _a၂၁၆ စာမျက်နှာ ၊
_c၁၈ စင်တီ။
500 _aS-SAT: Dr. Sai Aung Tun
650 _aပြည်ရွှေဆံတော်ဘုရား
_vသမိုင်း
_955041
942 _2ddc
_cBK1
999 _c40974
_d40974